Statistieken voor Landen die beginnen met een klinker

Klik hier om de quiz te nemen!

Algemene statistieken

  • Deze quiz is 64 keer genomen
  • De gemiddelde score is 25 van 34

Antwoordstatistieken

Antwoord% Correct
Albanië
94%
Armenië
88%
Azerbeidzjan
85%
IJsland
85%
Andorra
82%
Argentinië
82%
Ierland
82%
Afghanistan
79%
Algerije
79%
Australië
79%
Egypte
79%
India
79%
Irak
79%
Iran
79%
Italië
79%
Oeganda
79%
Uruguay
79%
Eritrea
76%
Estland
76%
Indonesië
76%
Oman
76%
Oostenrijk
76%
Ethiopië
74%
Angola
71%
Antigua en Barbuda
71%
Ecuador
71%
Oekraïne
71%
Eswatini
68%
Israël
68%
Oost-Timor
62%
El Salvador
59%
Equatoriaal-Guinea
56%
Oezbekistan
56%
Ivoorkust
44%

Scoreverdeling

Percentiel versus Aantal Correcte Antwoorden

Procent van Mensen met Elke Score

Uw Scoregeschiedenis

U heeft deze quiz nog niet genomen